| 000 | 00751nam a2200193 a 4500 | ||
|---|---|---|---|
| 003 | 0 | ||
| 005 | 20250620110807.0 | ||
| 008 | 021128s19uu xx 00 eng d | ||
| 050 |
_aPHS HQ 777.6 _b.Ar73 2000 |
||
| 100 | _aAraneta, Pia N. | ||
| 245 |
_aLiving with single parents from the perspective of selected adolescents : _bschool year 1999-2000 / _cPia N. Araneta. |
||
| 260 |
_aLas PiƱas City, Philippines : _bSouthville International School and Colleges, _c2000. |
||
| 300 |
_a36 pages : _billustrations ; _c28 cm. |
||
| 504 | _aIncludes bibliographical references. | ||
| 650 |
_aSingle-parent families _zPhilippines. |
||
| 650 |
_aChildren of single parents _zPhilippines. |
||
| 650 |
_aAdolescents _zPhilippines _xAttitudes. |
||
| 942 |
_2lcc _cPASS |
||
| 999 |
_c96410 _d96410 |
||